| 000 | 00000nam##2200000za#4500 |
| 001 | 9.634368 |
| 003 | CaOODSP |
| 005 | 20210624215751 |
| 007 | cr ||||||||||| |
| 008 | 150407|2007||||xxc|||||o f|0| 0 fre|d |
| 020 | |a978-0-662-09709-9 |
| 040 | |aCaOODSP|bfre |
| 043 | |an-cn--- |
| 086 | 1 |aSG5-13/2007F-PDF |
| 110 | 1 |aCanada. |bService Canada. |
| 245 | 10|aVérification de la répartition des tâches dans le cadre des subventions et des contributions |h[ressource électronique] |
| 260 | |aOttawa - Ontario : |bService Canada |cMars 2007. |
| 300 | |a50p.|bfigures en couleur, tableaux |
| 500 | |a"Numéro de projet : 6501/05-06" |
| 590 | |a13-10-Supp|b2013-04-13 |
| 691 | 07|aVérification|2gcpds |
| 775 | 08|tAudit of grants and contributions - segregation of duties |w(CaOODSP)9.689993 |
| 856 | 40|ahttp://publications.gc.ca|qPDF|s432.9 Ko|uhttps://publications.gc.ca/collections/collection_2013/servcan/SG5-13-2007-fra.pdf |